书目信息 |
| 题名: |
中国古代数学史料
|
|
| 作者: | 李俨 编著 ;中国科学社 编辑 | |
| 分册: | ||
| 出版信息: | 上海 科学技术出版社 1956 |
|
| 页数: | 182页 | |
| 开本: | 21cm | |
| 丛书名: | 中国科学史料丛书 | |
| 单 册: | ||
| 中图分类: | O112 | |
| 科图分类: | ||
| 主题词: | 数学史--中国--古代--史料 | |
| 电子资源: | ||
| ISBN: | 16119.30 | |
| 000 | 00794cam2 2200265 450 | |
| 001 | 0105404353 | |
| 005 | 20071127093830.0 | |
| 010 | @a16119.30@dCNY0.75 | |
| 091 | @a16119.30@dCNY0.75 | |
| 100 | @a19970110d1956 em y0chiy0110 ea | |
| 101 | 0 | @achi |
| 102 | @aCN@b310000 | |
| 105 | @ay z 000yy | |
| 106 | @ar | |
| 200 | 1 | @a中国古代数学史料@9Zhong Guo Gu Dai Shu;Shuo Xue Shi Liao @f李俨编著@g中国科学社编辑@b专著 |
| 210 | @a上海@c科学技术出版社@d1956 | |
| 215 | @a182页@d21cm | |
| 225 | 2 | @a中国科学史料丛书@i古代之部 |
| 410 | 0 | @12001 @a中国科学史料丛书 |
| 606 | 0 | @a数学史@y中国@z古代@x史料 |
| 690 | @aO112@v3 | |
| 701 | 0 | @a李俨@f(1892~1963)@9li yan@4编著 |
| 712 | 02 | @a中国科学社@9zhong guo ke xue she@4编辑 |
| 801 | 0 | @aCN@bAiZhiMarc |
| 905 | @aBZT@dO112@e12@f2@sO112/12 | |
| 中国古代数学史料/李俨编著/中国科学社编辑.-上海:科学技术出版社,1956 |
| 182页;21cm.-(中国科学史料丛书.古代之部) |
| ISBN 16119.30:CNY0.75 |
| ● |
| 相关链接 |
|
|
|
正题名:中国古代数学史料
索取号:O112/12
 
预约/预借
| 序号 | 登录号 | 条形码 | 馆藏地/架位号 | 状态 | 备注 |
| 1 | 2000101764 | 2000101764 | 旧书回溯/ [索取号:O112/12] | 在馆 | |
| 2 | 2000110488 | 2000110488 | 旧书回溯/ [索取号:O112/12] | 在馆 |